000 00892nam a2200181Ia 4500
008 100920s9999 xx 000 0 und d
082 _b72357
_a150 थ 98
100 _aबर्वे राजेंद्र./बर्वे ललिता.
245 _aव्यक्तत्विविकासाचा मनोवैज्ञानिक मागोवा फुलोरा.
260 _bमनोविकास प्रकाशनमुंबई 32.
_c1998
300 _a211
_bसाधी
365 _b80
520 _aशाउ.
630 _aव्यक्तत्विविकासाचा मनोवैज्ञानिक मागोवा फुलोरा.
650 _aशाउ.
730 _aव्यक्तत्विविकासाचा मनोवैज्ञानिक मागोवा फुलोरा.
942 _cBOOK
999 _c714145
_d714142